000 01485ccm a2200277 a 4500
999 _c28916
_d28916
001 12449253
005 20170516151700.0
008 010622s2001 xxustz
010 _a 2001547369
020 _a0534572685
040 _aDLC
_cDLC
050 0 0 _aMT35
_b.H88 2001
100 1 _aHorvit, Michael M.
245 1 0 _aMusic for ear training :
_bCD-ROM and workbook /
_cMichael Horvit, Timothy Koozin, Robert Nelson.
246 3 0 _aEar training
250 _aAnnotated instructor's ed.
260 _aUnited States :
_bSchirmer ;
_aBelmont, CA :
_bThomson Learning,
_cc2001.
300 _axxi, 409 p. of music ;
_c28 cm. +
_e1 CD-ROM (4 3/4 in.)
538 _aSystem requirements for accompanying CD-ROM: Windows 95: IBM PC-compatible; Intel 486SX, 33 MHz or faster; 16MB or more RAM; CD-ROM drive; 16-bit PCM sound card when using Soft Synthesizer or GM/XG-compatible external tone generator.
538 _aSystem requirements for accompanying CD-ROM: Macintosh: Mac OS-compatible; PowerPC, 16MB or more RAM; Apple sound manager 3.0 compatible when using Soft Synthesizer or GM/XG-compatible external tone generator; Mac-OS 7.5 or later.
650 0 _aEar training.
700 1 _aKoozin, Timothy.
700 1 _aNelson, Robert,
_d1941-
906 _a7
_bcbc
_corignew
_d3
_encip
_f20
_gy-genmusic
942 _2lcc
_cBOOKS
_hMT35 .H88 2001